Score 0/16 Timer 02:00
0 Plays Today
Clue Answer % Correct
Christopher Mintz-PlasseDragon
91.2%
Chloë Grace MoretzWimpy
90.7%
Chloë Grace MoretzSummer
81.9%
Chloë Grace MoretzDark
80.9%
Christopher Mintz-PlassePerfect
78.1%
Christopher Mintz-PlasseNight
66%
Jim CarreyNature
65.1%
Chloë Grace MoretzLet
63.7%
Clue Answer % Correct
Jim CarreyIrene
60%
Christopher Mintz-PlasseRole
56.7%
Jim CarreyEternal
52.6%
Jim CarreyCable
51.6%
Aaron Taylor-JohnsonKarenina
40.5%
Aaron Taylor-JohnsonKnights
38.6%
Aaron Taylor-JohnsonBoy
31.2%
Aaron Taylor-JohnsonAlbert
22.3%
Remove Ads.
Support Sporcle.
Get the best of Sporcle when you Go Orange. This ad-free experience offers more features, more stats, and more fun while also helping to support Sporcle. Thank you for becoming a member.

You're not logged in!

Compare scores with friends on all Sporcle quizzes.
OR
Log In

Show Comments

Extras

Top Quizzes Today


Score Distribution

Your Account Isn't Verified!

In order to create a playlist on Sporcle, you need to verify the email address you used during registration. Go to your Sporcle Settings to finish the process.

Report this User

Report this user for behavior that violates our Community Guidelines.

Details: